| 000 | 01838nam a2200313Ia 4500 | ||
|---|---|---|---|
| 003 | PE SENCICO BE | ||
| 005 | 20260220172550.0 | ||
| 008 | 200515s9999 xx 000 0 und d | ||
| 020 | _a968-18-3424-0 | ||
| 040 |
_aPE SENCICO BE _cPE SENCICO BE |
||
| 041 | _aspa | ||
| 082 |
_a690 _bB16 |
||
| 100 | 1 |
_aBailey, H. _9187 _eautor |
|
| 245 | 1 | 0 |
_aCurso básico de construcción / _cH. Bailey, D. W. Hancock |
| 250 | _a[1a ed.] | ||
| 260 |
_aMéxico, D.F. : _bLimusa ; _c1996 |
||
| 300 |
_avolúmenes : _bilustraciones, gráficos ; _c25 cm. |
||
| 505 | 0 | _aVolumen 1: Trazo y nivelación -- Excavación y ademado -- Concreto -- Cimentaciones para muros y pilares -- Ladrillos -- Morteros -- Herramientas del maestro albañil -- Subestructuras -- Volumen 2: Pisos sólidos sobre el terreno -- Enlaces o trabazón de la albañilería: patrones -- Enlaces o trabazón de la albañilería: aplicaciones -- Construcción de los muros -- Eficiencia en la albañilería -- Construcción de muros con cavidad -- Puentes sobre las aberturas -- Pilastras -- Esquinas oblicuas -- Muros de separación -- Chimeneas domésticas, ductos para gases y humo, cañones de chimeneas, equipos y accesorios -- Muros de bloques y muros divisores -- Volumen 3: Revestimiento de edificios -- Características decorativas y funcionales -- Albañilería reforzada -- Construcción de escalones -- Drenaje -- Andamiajes -- Equipo para mantenimiento, modificaciones y reparación -- Pavimentación -- Cuantificación de materiales | |
| 650 | 1 | 0 |
_aAlbañilería _9364 |
| 650 | 2 | 0 |
_aChimeneas _9365 |
| 650 | 2 | 0 |
_aCimentaciones _9356 |
| 650 | 2 | 0 |
_aConcreto _9309 |
| 650 | 2 | 0 |
_aMateriales de construcción _9308 |
| 650 | 2 | 0 |
_aLadrillos _9366 |
| 650 | 2 | 0 |
_aPavimentos _9367 |
| 650 | 2 | 0 |
_aMuros _9346 |
| 700 | 1 |
_aHancock, D. W. _9188 _eautor |
|
| 942 |
_cLIB _2ddc |
||
| 999 |
_c3475 _d3475 |
||